000 00674nas a2200229 4500
001 BR0705425
003 BR-BrBNA
005 20231205111156.0
007 ta
008 230509b bl.|||p| |||| 00| 00por d
040 _aBR-BrBNA
_bpor
_cBiblioteca Nacional de Agricultura
041 _a(Pt)
072 _aE70
100 1 _aCarrão-Panizzi, M.C.
245 1 _aSaudável, consumo direto da soja cresce entre brasileiros
650 _aSOJA
650 _aCONSUMO INTERNO
650 _aMERCADO
773 0 _tVisão Agrícola (Brazil)
_xISSN 1806-6402
_g(Jan-Jun 2006), v. 3(5) p. 136-139
_wBR0705425
909 _a202311
_bLúcia
_c55
_dLúcia Elande
942 _2AGRIS
_n0
_cANA
999 _c191141
_d191141